000 00240nam a2200109 a 4500
008 101210s1979|||| d
245 1 0 _aTri muzikály
260 _bSmena
_aBratislava
_c1979
020 _c10
044 _axo
_cSK
041 _aslo
999 _c15087
_d15087